| 000 | 00355 a2200109 4500 | ||
|---|---|---|---|
| 001 | ART_12547 | ||
| 005 | 20260410161907.0 | ||
| 008 | 260409a | ||
| 245 | 1 | 0 | _aDynamic stability and the choice between fixed and flexible exchange rates |
| 100 | 1 | _aTower, E. | |
| 773 | 0 |
_tThe Economic Journal _g- Vol. 87, NÂș 345 (mar. 1977) _wREV12512 |
|
| 999 |
_c26442 _d26442 |
||